000 00350 a2200157 4500
001 175533
020 _a0-333-99968-1
040 _cMagnum
100 _aDivakaruni, Chitra Banerjee
240 1 0 _aThe mistress of spices
_lING
245 1 0 _aThe mistress of spices
300 _a95
362 0 _a2003
697 _aLITERATURA INGLESA
942 _cBK
999 _c175533
_d175533